Espresso - Sabrina Carpenter (Fill in the Lyrics) - Statistics

General Stats
  • This quiz has been taken 49 times
  • The average score is 16 of 21
Answer Stats
Lyrics % Correct
My give-a-fucks are on {vacation}
97%
And I got this one boy and he won't {stop} {calling}
92%
I can't relate to {desperation}
92%
I'm working late 'cause I'm {a} {singer}
86%
Oh, he looks {so} {cute} wrapped 'round my finger
86%
Switch it up like {Nintendo}
84%
When they {act} {this} {way}, I know I got 'em
84%
That's that me {espresso}
81%
Say you {can't} {sleep}, baby, I know
78%
Say you {can't} {sleep}, baby, I know
78%
Is it that {sweet}? I guess so
76%
Too bad {your} {ex} don't do it for ya
76%
Soft skin and I {perfumed} it for ya
73%
And now he's thinkin' 'bout me {every} {night}, oh
70%
Move it {up}, {down}, {left}, {right}, oh
68%
That morning {coffee}, brewed it for ya
68%
My {honeybee}, come and get this {pollen}
62%
Walked in and {dream}-{came}-{trued} it for ya
62%
{My} {twisted} {humor} make him laugh so often
51%
I know I {Mountain Dew} it for ya
49%
{One} {touch} and I brand-newed it for ya
49%
No matching quizzes found
Score Distribution
Percent of People with Each Score
Percentile by Number Answered
Your Score History
You have not taken this quiz